French Wine - Statistics

General Stats
  • This quiz has been taken 136 times
  • The average score is 8 of 15
Answer Stats
Answer % Correct
Longest River in France. Much wine is grown here. Loire
91%
This River is where Paris sits. Seine
90%
This region used to be German and is famous for dry Reislings, Traminers, and Pinot Gris and Blancs alsace
87%
Name the 2 primary Grapes of Champagne and Burgundy. (space between) cabernet chardonnay
70%
Name the grape: Sancerre, Savenieres, Pouily-Fume sauvignon blanc
70%
Often used label for sparkling wines outside of Champagne. EX:_______ de Limoux, or Bourgogne, etc.. cremant
58%
This grape is used in Beaujolaise and is often carbonicly macerated for softness gamay
53%
The best wine in Provence is this color (EZ) pink
45%
These 2 rivers form the "Entree Deux-Mer" (put a space between them in either order, no comma) Garronne Dordogne
44%
Southern Rhone GSM blend allowing 13 grape varietals chateauneauf du pape
42%
Name the grape: Chinon cabernet franc
37%
Northern Rhone region, Syrah dominate, "roasted slope" cote rotie
37%
This white varietal is allowed as a blending grape in most Northern Rhone Red AOC's viognier
25%
This Bordeaux region is home to the Leoville properties (Leoville Barton, Poyferre, & la Cases) St. Julian
21%
This region's First growths include Blanchott, Bougros, Valmur, Vuadesir, le Preuses and le Clos chablis
17%
No matching quizzes found
Score Distribution
Percent of People with Each Score
Percentile by Number Answered
Your Score History
You have not taken this quiz